[Event "TCh-AUT 2nd Mitte 2013-14"]
[Site "Fuerstenfeld AUT"]
[Date "2013.10.04"]
[Round "1.2"]
[White "Petschar,K"]
[Black "Poetz,F"]
[Result "1/2-1/2"]
[WhiteElo "2356"]
[BlackElo "2427"]

1.d4 Nf6 2.c4 e6 3.Nf3 Bb4+ 4.Bd2 c5 5.Bxb4 cxb4 6.g3 O-O 7.Bg2 d6 8.O-O Nc6
9.a3 Re8 10.axb4 Nxb4 11.Nc3 Bd7 12.Qd2 Bc6 13.e4 a5 14.Rfe1 Rc8 15.h3 b6
16.Rad1 Bb7 17.b3 Qe7 18.e5 Nd7 19.Nb5 dxe5 20.Nxe5 Bxg2 21.Kxg2 Red8 22.Nd3 Nxd3
23.Qxd3 Nf6 24.Nc3 Qb4 25.Na4 b5 26.cxb5 Rb8 27.b6 Nd7 28.Qc4 Qxc4 29.bxc4 Nxb6
30.Nxb6 Rxb6 31.d5 Kf8 32.dxe6  1/2-1/2

[Event "Frauenbundesliga 2013-14"]
[Site "Germany GER"]
[Date "2013.10.04"]
[Round "5.4"]
[White "Savina,A"]
[Black "Padurariu,I"]
[Result "1/2-1/2"]
[WhiteElo "2403"]
[BlackElo "2192"]

1.d4 Nf6 2.c4 e6 3.Nf3 Bb4+ 4.Bd2 Qe7 5.Nc3 b6 6.g3 Bb7 7.Bg2 O-O 8.O-O a5
9.a3 Bxc3 10.Bxc3 Ne4 11.Be1 d5 12.Nd2 Nf6 13.Rc1 Nc6 14.Nb1 Rfd8 15.e3 Rac8
16.Qa4 Qd7 17.cxd5 exd5 18.Bd2 Ne4 19.Rfd1 f5 20.Be1 Qe6 21.Nc3 Ne7 22.b4 axb4
23.axb4 Ra8 24.Qb3 c6 25.b5 Nxc3 26.Bxc3 cxb5 27.Qxb5 Ba6 28.Qb2 Bc4 29.Ra1 b5
30.Ra3 Ra4 31.Bf1 Rda8 32.Rxa4 Rxa4 33.Bxc4 bxc4 34.Qb8+ Kf7 35.Rb1 Ra6 36.Rb7 Qe4
37.Qd8 Re6 38.Bb4 Qb1+ 39.Kg2 Qe4+ 40.Kg1 Qb1+ 41.Kg2 Qe4+ 42.Kg1  1/2-1/2

[Event "23rd EYCC Open U16 2013"]
[Site "Budva MNE"]
[Date "2013.10.05"]
[Round "6.15"]
[White "Thybo,Jesper Sondergaard"]
[Black "Salomon,J"]
[Result "0-1"]
[WhiteElo "2116"]
[BlackElo "2234"]

1.d4 Nf6 2.c4 e6 3.Nf3 Bb4+ 4.Bd2 c5 5.Bxb4 cxb4 6.Nbd2 O-O 7.e3 d6 8.Be2 a5
9.O-O b6 10.Ne1 Ra7 11.a3 bxa3 12.bxa3 Nbd7 13.Nd3 Rc7 14.Bf3 Ba6 15.Qb3 Qe7
16.Rfc1 Rfc8 17.Be2 e5 18.Bf1 exd4 19.exd4 Ne4 20.Qb2 Nxd2 21.Qxd2 Bxc4 22.Nf4 Nf6
23.Bxc4 Rxc4 24.Rxc4 Rxc4 25.Re1 Rxd4 26.Qc3 Re4 27.Rxe4 Qxe4 28.h3 h6 29.Qg3 Qe1+
30.Kh2 Qe5  0-1

[Event "Frauenbundesliga 2013-14"]
[Site "Germany GER"]
[Date "2013.10.05"]
[Round "1.4"]
[White "Goczo,M"]
[Black "Jahn,C"]
[Result "1/2-1/2"]
[WhiteElo "2246"]
[BlackElo "2129"]

1.d4 Nf6 2.Nf3 e6 3.c4 Bb4+ 4.Bd2 a5 5.Nc3 b6 6.g3 Bb7 7.Bg2 Bxc3 8.Bxc3 Ne4
9.Rc1 O-O 10.O-O Nxc3 11.Rxc3 d6 12.Qd3 Ra7 13.Rd1 Nd7 14.c5 Nf6 15.Rcc1 Be4
16.Qe3 Qa8 17.b3 h6 18.cxd6 cxd6 19.d5 Bxd5 20.Qxb6 Ra6 21.Qc7 Rd8 22.Ne1 Bxg2
23.Nxg2  1/2-1/2

[Event "23rd EYCC Open U16 2013"]
[Site "Budva MNE"]
[Date "2013.10.07"]
[Round "8.15"]
[White "Garriga Cazorla,Pere"]
[Black "Kumsiashvili,N"]
[Result "1/2-1/2"]
[WhiteElo "2233"]
[BlackElo "2130"]

1.d4 Nf6 2.c4 e6 3.Nf3 Bb4+ 4.Bd2 Bxd2+ 5.Qxd2 d5 6.Nc3 O-O 7.e3 Qe7 8.a3 a6
9.cxd5 exd5 10.Bd3 Nc6 11.h3 Rd8 12.Qc2 Nb8 13.O-O Nbd7 14.b4 c6 15.Rab1 b5
16.e4 dxe4 17.Nxe4 Bb7 18.Rfe1 Qf8 19.Ne5 Nxe4 20.Bxe4 Nf6 21.Bxc6 Rac8 22.Rbc1 Rd6
23.d5 Nxd5 24.Bxd5 Rxc2 25.Bxf7+ Qxf7 26.Nxf7 Rxc1 27.Rxc1 Kxf7 28.Rc7+ Kg8
29.Rxb7 Rd3 30.Rb8+ Kf7 31.Rb7+ Kg8 32.Rb8+ Kf7 33.Rb7+ Kg8 34.Rb8+ Kf7  1/2-1/2

[Event "23rd EYCC Girls U18 2013"]
[Site "Budva MNE"]
[Date "2013.10.07"]
[Round "8.5"]
[White "Baraeva,I"]
[Black "Shamatava,A"]
[Result "1-0"]
[WhiteElo "2153"]
[BlackElo "2064"]

1.d4 Nf6 2.c4 e6 3.Nf3 Bb4+ 4.Bd2 c5 5.Bxb4 cxb4 6.g3 b6 7.Bg2 Bb7 8.O-O O-O
9.Qd3 d6 10.Nbd2 Qe7 11.e4 e5 12.Ne1 Nc6 13.Nc2 a5 14.dxe5 Nxe5 15.Qe3 Qc7
16.Nd4 Qc5 17.f3 a4 18.Rac1 Rfe8 19.Kh1 Rac8 20.Nf5 Qxe3 21.Nxe3 Nd3 22.Rb1 g6
23.Kg1 Nd7 24.Bh3 f5 25.Ng2 Rc5 26.b3 Nf6 27.exf5 Re2 28.Rbd1 gxf5 29.bxa4 Nb2
30.Nf4 Re8 31.Rb1 Nxc4 32.Nxc4 Rxc4 33.Bxf5 Bc8 34.Bd3 Rd4 35.Rfd1 Kh8 36.Bb5 Rxd1+
37.Rxd1 Rd8 38.Rd4 Bb7 39.Kf2 d5 40.Rxb4 Rc8 41.Bd3 Rc6 42.a5 Nd7 43.Nxd5 Rd6
44.Nf4 Ne5 45.Be4 Bxe4 46.Rxe4 Rd2+ 47.Ke3 Rxa2 48.Rxe5 bxa5 49.h4 a4 50.Ra5 a3
51.Nd3 Ra1 52.Kf4 a2 53.Nb4 Rb1 54.Nxa2 Ra1 55.Ra6  1-0

[Event "7th Univ Cent Open 2013"]
[Site "Bogota COL"]
[Date "2013.10.10"]
[Round "2.21"]
[White "Perez Rodriguez,Juan Carlos"]
[Black "Marrero Lopez,Yan"]
[Result "0-1"]
[WhiteElo "1980"]
[BlackElo "2274"]

1.d4 Nf6 2.Nf3 e6 3.c4 Bb4+ 4.Bd2 Qe7 5.e3 O-O 6.a3 Bxd2+ 7.Qxd2 d6 8.Nc3 e5
9.d5 a5 10.Qc2 Bg4 11.Rb1 Bh5 12.Bd3 Re8 13.Nd2 Bg6 14.Bxg6 hxg6 15.f3 c6
16.O-O Nbd7 17.dxc6 bxc6 18.e4 Nc5 19.b4 axb4 20.axb4 Ne6 21.Nb3 Qa7+ 22.Kh1 Nd4
23.Qd2 Nd7 24.Rfd1 c5 25.Nd5 Nf6 26.bxc5 dxc5 27.Qd3 Nxd5 28.cxd5 Rec8 29.Nd2 g5
30.Nc4 Re8 31.h3 Qe7 32.Rb2 Qf6 33.Qd2 Ra4 34.Rc1 g4 35.hxg4 Qa6 36.g5 Qg6
37.Kg1 Qh5 38.Nb6 Rb8 39.Rcb1 Ra3 40.Nc4 Rxb2 41.Qxb2 Rb3 42.Qa2 Rc3 43.Nxe5 Qxg5
44.Qa8+ Kh7 45.Nxf7 Nxf3+ 46.Kf2 Qe3+ 47.Kg3 Ne5+ 48.Kh2 Nxf7 49.Qe8 Qg3+
50.Kg1 Rc2  0-1

[Event "Chinese Teams 2013"]
[Site "Qingdao CHN"]
[Date "2013.10.10"]
[Round "11.1"]
[White "Lin Weiguo"]
[Black "Zeng,C"]
[Result "1-0"]
[WhiteElo "2447"]
[BlackElo "2508"]

1.d4 Nf6 2.c4 e6 3.Nf3 Bb4+ 4.Bd2 c5 5.Bxb4 cxb4 6.g3 O-O 7.Bg2 d6 8.O-O a5
9.a3 Na6 10.axb4 Nxb4 11.Nc3 Qe7 12.Na2 Nc6 13.d5 exd5 14.cxd5 Ne5 15.Nd4 h5
16.Nc3 h4 17.e4 hxg3 18.hxg3 Nfg4 19.Re1 g5 20.f3 Nf6 21.Na4 Ra6 22.Bf1 b5
23.Bxb5 Ra8 24.Kg2 Nh7 25.Nb6 Rb8 26.Nxc8 Rfxc8 27.Rxa5 Qf6 28.Re2  1-0

[Event "4th Continental Class 2013"]
[Site "Arlington USA"]
[Date "2013.10.11"]
[Round "4.16"]
[White "Li,Ethan"]
[Black "Nieto,G"]
[Result "1-0"]
[WhiteElo "2065"]
[BlackElo "1978"]

1.d4 Nf6 2.c4 e6 3.Nf3 Bb4+ 4.Bd2 Qe7 5.Nc3 Nc6 6.g3 Bxc3 7.Bxc3 Ne4 8.Qc2 Nxc3
9.Qxc3 O-O 10.Bg2 d6 11.O-O e5 12.d5 Nb8 13.b4 Nd7 14.Rfc1 Nf6 15.Nd2 e4
16.Nf1 Re8 17.Rd1 Bg4 18.Rd2 Qe5 19.Rc1 a5 20.Qxe5 Rxe5 21.a3 axb4 22.axb4 Ra4
23.Rb1 b5 24.Ne3 bxc4 25.Nxg4 Nxg4 26.Rd4 f5 27.Rxc4 Rxd5 28.Rxc7 Rb5 29.f3  1-0

[Event "7th Univ Cent Open 2013"]
[Site "Bogota COL"]
[Date "2013.10.12"]
[Round "6.6"]
[White "Almeida Quintana,O"]
[Black "Sanchez L,S"]
[Result "1-0"]
[WhiteElo "2472"]
[BlackElo "2340"]

1.d4 Nf6 2.Nf3 e6 3.c4 Bb4+ 4.Bd2 a5 5.g3 b6 6.Bg2 Bb7 7.O-O O-O 8.Bg5 Be7
9.Bxf6 Bxf6 10.Nc3 d6 11.Qc2 Qc8 12.Rfd1 Nd7 13.e4 g6 14.Rac1 Bg7 15.a3 Ra6
16.b4 axb4 17.axb4 Qa8 18.d5 Bxc3 19.Qxc3 Ra3 20.Qd2 e5 21.Ne1 Qa4 22.Nc2 Ra2
23.Ra1 Ra8 24.Rxa2 Qxa2 25.Qc3 Qa7 26.Rf1 Bc8 27.Kh1 Qb8 28.f4 Ra2 29.f5 gxf5
30.Rxf5 Nf8 31.Rf2 Bg4 32.Bf3 Qc8 33.Kg1 Bxf3 34.Qxf3 Qd7 35.h4 Qe7 36.Qb3 Ra8
37.Ne3 Ng6 38.Nf5 Qf8 39.Qe3 Kh8 40.Kh2 f6 41.Qf3 Ra4 42.Qg4 Ne7 43.Ne3 Ra3
44.Rf3 Qh6 45.Nf5 Ra2+ 46.Kh3 Qf8 47.Ne3 Ra3 48.Qd7 Qc8 49.Qxc8+ Nxc8 50.Rxf6 Rxe3
51.Rf8+ Kg7 52.Rxc8 Rxe4 53.Rxc7+ Kf6 54.Rd7 Rxc4 55.Rxd6+ Kf5 56.Rxb6 e4
57.Rh6 e3 58.Rb6  1-0

[Event "TCh-CZE Vychod 2013-14"]
[Site "Czech Rep CZE"]
[Date "2013.10.20"]
[Round "1.5"]
[White "Jarabek,V"]
[Black "Jedlicka,A"]
[Result "0-1"]
[WhiteElo "2202"]
[BlackElo "2199"]

1.d4 Nf6 2.Nf3 e6 3.c4 Bb4+ 4.Bd2 a5 5.e3 O-O 6.Bd3 d5 7.a3 Bxd2+ 8.Nbxd2 b6
9.O-O Bb7 10.Qe2 Nbd7 11.e4 Nxe4 12.Nxe4 dxe4 13.Bxe4 Bxe4 14.Qxe4 c5 15.Rfd1 Qc7
16.Rac1 Rad8 17.h3 a4 18.Ng5 Nf6 19.Qe5 Qc6 20.Nf3 h6 21.Qe3 cxd4 22.Rxd4 Rxd4
23.Qxd4 Rc8 24.Ne5 Qe4 25.Rd1 Qe2 26.Rd2 Qe1+ 27.Kh2 Ne4 28.Nf3 Qb1 29.Re2 Nc5
30.Ne5 Qf5 31.Ng4 Nb3 32.Qxb6 Qf4+ 33.g3 Qxc4 34.Re3 Qf1 35.Rc3 Rxc3 36.bxc3 Qe2
37.Qe3 Qb2 38.Ne5 Qxa3 39.Qf3 f6 40.Nc4 Qc5 41.Qa8+ Kh7 42.Ne3 a3 43.Kg2 Nd2
44.c4 f5 45.Qa6 Ne4 46.Qxe6 a2 47.Qa6 Nc3 48.h4 Qe5 49.h5 Qe4+ 50.Kh2 f4
51.Ng4 fxg3+ 52.Kxg3 Ne2+  0-1

[Event "TCh-Belgrade Premier liga 2013"]
[Site "Belgrade SRB"]
[Date "2013.10.22"]
[Round "11.1"]
[White "Dimic,P"]
[Black "Govedarica,R"]
[Result "1/2-1/2"]
[WhiteElo "2243"]
[BlackElo "2419"]

1.d4 Nf6 2.Nf3 e6 3.c4 Bb4+ 4.Bd2 c5 5.Bxb4 cxb4 6.Qd3 O-O 7.e4 d6 8.Be2 Qc7
9.O-O e5 10.a3 bxa3 11.Rxa3 Bg4 12.d5 Na6 13.Nbd2 Bxf3 14.Bxf3 Nb4 15.Qc3 a5
16.c5 Rfc8 17.cxd6 Qxd6 18.Rxa5 Na6 19.Qb3 Qc7 20.Rb5 Rab8 21.Qe3 Ne8  1/2-1/2

[Event "17th Unive Open 2013"]
[Site "Hoogeveen NED"]
[Date "2013.10.23"]
[Round "6.2"]
[White "Moskalenko,V1"]
[Black "Ernst,S"]
[Result "1/2-1/2"]
[WhiteElo "2520"]
[BlackElo "2573"]

1.d4 Nf6 2.c4 e6 3.Nf3 Bb4+ 4.Bd2 Qe7 5.g3 Nc6 6.Bg2 Bxd2+ 7.Nbxd2 d6 8.O-O e5
9.d5 Nb8 10.e4 a5 11.Ne1 h5 12.Nc2 Na6 13.Ne3 Nc5 14.Qc2 h4 15.Nb3 Ra6 16.Nxc5 dxc5
17.Qe2 g6 18.Rfe1 Nh5 19.Bf3 Qg5 20.Bg4 Bd7 21.Bxd7+ Kxd7 22.Qg4+ Qxg4 23.Nxg4 Re8
24.Kg2 Nf6 25.f3 Nxg4 26.fxg4 Rh8 27.Rf1 h3+ 28.Kf3 g5  1/2-1/2

[Event "17th OIBM 2013"]
[Site "Bad Wiessee GER"]
[Date "2013.10.26"]
[Round "1.5"]
[White "Postny,E"]
[Black "Schmitz,Mar1"]
[Result "1-0"]
[WhiteElo "2631"]
[BlackElo "2027"]

1.d4 Nf6 2.c4 e6 3.Nf3 Bb4+ 4.Bd2 Qe7 5.g3 O-O 6.Nc3 d6 7.Bg2 Nc6 8.O-O Bxc3
9.Bxc3 Ne4 10.Be1 a5 11.Rc1 f5 12.d5 Nb8 13.dxe6 Bxe6 14.Nd2 Nc5 15.Nb3 Nxb3
16.Qxb3 c6 17.Qe3 Nd7 18.Bc3 Rfe8 19.Qf4 Nb6 20.b3 a4 21.Rfd1 axb3 22.axb3 d5
23.Bd4 Ra6 24.Qe3 Qd8 25.Qe5 Qe7 26.Bxb6 Rxb6 27.cxd5 cxd5 28.Rc7 Qf6 29.Qxf6 gxf6
30.Bxd5 Bxd5 31.Rxd5 Rxb3 32.e3 f4 33.gxf4 Kh8 34.Kg2 Rg8+ 35.Kf3  1-0

[Event "17th OIBM 2013"]
[Site "Bad Wiessee GER"]
[Date "2013.10.29"]
[Round "5.16"]
[White "Esipenko,Andrey"]
[Black "Meins,G"]
[Result "1/2-1/2"]
[WhiteElo "2248"]
[BlackElo "2448"]

1.d4 Nf6 2.c4 e6 3.Nf3 Bb4+ 4.Bd2 a5 5.Nc3 O-O 6.Qc2 d5 7.e3 b6 8.Bd3 dxc4
9.Bxc4 Bb7 10.Be2 Nbd7 11.O-O Bxc3 12.Bxc3 Ne4 13.Rfd1 Nxc3 14.Qxc3 Rc8 15.Qa3 Qf6
16.Qa4 Rfd8 17.Ne1 c5 18.Bf3 Bxf3 19.Nxf3 cxd4 20.Qxd4 Qxd4 21.Nxd4 Kf8 22.Rac1 Rxc1
23.Rxc1 Nc5 24.Kf1 e5 25.Nf3 f6 26.Ke2 Ke7 27.g4 Rd7 28.Rc3 Ke6 29.h4 g6
30.b3 Ne4 31.Rc4 Kd5 32.Rc8 b5 33.Nd2 Nxd2 34.Kxd2 e4 35.Kc2 f5 36.gxf5 gxf5
37.Rf8 Ke6 38.Ra8 Rc7+ 39.Kd2 Rd7+ 40.Ke2 Rc7 41.Rxa5 Rc2+ 42.Kf1 b4 43.Rb5 Rxa2
44.Rxb4 h5 45.Rb6+ Ke5 46.Rb5+ Kf6 47.Rb8 Rb2 48.Kg2 Rb1 49.b4 Ke6 50.b5 f4
51.exf4 Rb2 52.Kf1 Kf5 53.b6 Kg4 54.Rg8+ Kf3 55.Rg3+ Kxf4 56.Rg6 e3 57.Rf6+ Ke5
58.Rh6 exf2 59.Rxh5+ Kf4 60.Rh6 Kg3 61.Rg6+ Kxh4 62.Kg2 Kh5 63.Rf6 Kg5 64.Rxf2 Rxb6  1/2-1/2

[Event "Chinese Zonal w 2013"]
[Site "Zhongshan CHN"]
[Date "2013.11.01"]
[Round "4.2"]
[White "Shen Yang"]
[Black "Tan Zhongyi"]
[Result "1-0"]
[WhiteElo "2415"]
[BlackElo "2490"]

1.d4 Nf6 2.c4 e6 3.Nf3 Bb4+ 4.Bd2 c5 5.Bxb4 cxb4 6.g3 a5 7.Bg2 O-O 8.O-O d6
9.Qd3 b6 10.Nbd2 Bb7 11.Rfe1 Qc7 12.a3 Na6 13.e4 e5 14.Rad1 Rfe8 15.Nh4 bxa3
16.bxa3 exd4 17.Qxd4 Nc5 18.Nf5 Rad8 19.Rb1 Re6 20.g4 Re5 21.h3 Ba8 22.f4 Ne6
23.Qxb6 Qxb6+ 24.Rxb6 Nxf4 25.Rxd6 Rde8 26.Ng3 h5 27.Bf1 hxg4 28.hxg4 Rg5
29.Rb1 Rxg4 30.Kf2 Ne6 31.Rb5 Ng5 32.e5 Rf4+ 33.Ke3 Rh4 34.Nf5 Rh2 35.Rxa5 Bb7
36.Kf4 Nfe4 37.Nxe4 Nxe4 38.Rd7 Rf2+ 39.Ke3 Rxf5 40.Rxb7 Ng5 41.Bd3 Rfxe5+
42.Rxe5 Rxe5+ 43.Kd2 Nf3+ 44.Kc3 g5 45.Rb2 f5 46.Re2 f4 47.Rxe5 Nxe5 48.Be4 Kf7
49.a4 g4 50.a5 f3 51.a6 g3 52.Bxf3 Nxf3 53.a7 g2 54.a8=Q g1=Q 55.Qxf3+ Ke7
56.Qd5 Qb1 57.c5 Qe1+ 58.Kc4 Qe2+ 59.Kb4 Qb2+ 60.Ka5 Qa3+ 61.Kb6 Qb4+ 62.Kc7 Qa5+
63.Kc8 Qa1 64.Qb7+ Ke6 65.Qd7+ Kf6 66.Qd6+ Kf7 67.c6 Qa8+ 68.Kd7 Qe8+ 69.Kc7 Qe2
70.Qd7+ Kf6 71.Kd8 Qb5 72.Qe7+ Kg6 73.Qe6+ Kh5 74.c7 Qg5+ 75.Qe7 Qd5+ 76.Qd7 Qg5+
77.Kc8 Qg8+ 78.Kb7 Qb3+ 79.Ka6 Qa2+ 80.Kb6 Qf2+ 81.Ka5 Qa2+ 82.Qa4 Qe6 83.Qb5+ Kg4
84.Qb4+ Kf3 85.Qc3+ Ke4 86.Qe1+  1-0

[Event "80th ch-BRA S/F 1 2013"]
[Site "Rio de Janeiro BRA"]
[Date "2013.11.02"]
[Round "4.13"]
[White "Da Silva,P"]
[Black "Aranha Filho,A"]
[Result "1/2-1/2"]
[WhiteElo "2128"]
[BlackElo "2232"]

1.d4 Nf6 2.c4 e6 3.Nf3 Bb4+ 4.Bd2 a5 5.a3 Bxd2+ 6.Qxd2 d6 7.Nc3 Nbd7 8.Rd1 Qe7
9.Nb5 Nb6 10.e3 O-O 11.Be2 e5 12.dxe5 dxe5 13.O-O Bg4 14.Qc2 e4 15.Nfd4 c6
16.Nd6 Qxd6 17.c5 Qe5 18.cxb6 Bxe2 19.Nxe2 Ra6 20.Nc3 Rxb6 21.Rd4 Ng4 22.g3 Qh5
23.h4 f5 24.Na4 Rb5 25.Nc3 Re5 26.Qb3+ Qf7 27.Qxf7+ Kxf7 28.Rfd1 Rfe8 29.Ne2 Rb5
30.b4 Ne5 31.Kf1 axb4 32.axb4 Nf3 33.Rc4 Ne5 34.Rcd4 Nd3 35.Rb1 Ree5 36.Rd7+ Re7
37.Rxe7+ Kxe7  1/2-1/2

[Event "13th Sautron Open 2013"]
[Site "Sautron FRA"]
[Date "2013.11.02"]
[Round "9.4"]
[White "Lagarde,Max"]
[Black "Ider,B"]
[Result "1/2-1/2"]
[WhiteElo "2523"]
[BlackElo "2377"]

1.d4 e6 2.c4 Nf6 3.Nf3 Bb4+ 4.Bd2 Qe7 5.g3 Nc6 6.Nc3 O-O 7.Bg2 d6 8.O-O Bxc3
9.Bxc3 e5 10.Qc2 a5 11.d5 Nb8 12.Nh4 Nbd7 13.e4 Nc5 14.Rae1 Nh5 15.Qd1 g6
16.f4 f6 17.f5 Qf7 18.b3 g5 19.Bf3 Nxg3 20.hxg3 gxh4 21.gxh4 Kh8 22.Kh2 Bd7
23.Rg1 b6 24.h5 Rg8 25.h6 Rxg1 26.Rxg1 Rg8 27.Bd2 Rxg1 28.Qxg1 Qg8 29.Qe3 Qf8
30.Bd1 Nb7 31.Be1 Nc5 32.Bh4 Be8 33.Kg1 Kg8 34.Kf1 Kf7 35.Bf2 Ke7 36.a3 a4
37.b4 Nb3 38.c5 Bb5+ 39.Ke1 bxc5 40.bxc5 Nxc5 41.Qxc5 dxc5 42.Bxc5+ Ke8 43.Bxf8 Kxf8
44.Kd2 c6 45.d6 c5 46.Kc3 Ke8 47.Bh5+ Kf8 48.d7 Bxd7 49.Kc4 Bc6 50.Bf3 Ke7
51.Kxc5 Kd7 52.Kb4 Ke7 53.Ka5 Kd7 54.Bh5 Bxe4 55.Bg6 Bc2 56.Bxh7 Ke7 57.Bg8 Kf8
58.Be6 Bd1 59.Kb4 Bc2 60.Kc5 Bb3 61.Kb4 Bd1 62.Kc3 Bh5 63.Kd2 Bg4 64.Ke3 Bh5
65.Ke4 Bd1 66.Ke3 Bh5 67.Kf2 Bg4 68.Kg3 Bh5 69.Bd7 Bd1 70.Be6 Bh5 71.Kf2 Bd1
72.Ke1 Bc2 73.Kd2 Bb1 74.Kc3 Be4 75.Kc4 Bb1 76.Kc5 Bc2 77.Kb5 Bb3 78.Kb4 Bc2
79.Kc4 Bb3+ 80.Kd3 Bd1 81.Bc4 Bh5 82.Ke4 Bg4 83.Bb5 Bd1 84.Kd5 Bb3+ 85.Kd6 Kf7
86.h7 Kg7 87.Ke7 Kxh7 88.Kxf6 e4 89.Ke7 e3 90.f6 Kg6 91.Bd3+ Kg5 92.f7 Bxf7
93.Kxf7 Kf4 94.Ke6 Kf3 95.Kd5 e2 96.Bxe2+ Kxe2 97.Kc4 Ke3 98.Kb4 Kd4 99.Kxa4 Ke5  1/2-1/2

[Event "Stockholm All Saints Open 2013"]
[Site "Stockholm SWE"]
[Date "2013.11.02"]
[Round "5.16"]
[White "Hallerod,R"]
[Black "Viklund,Dick"]
[Result "1-0"]
[WhiteElo "2124"]
[BlackElo "1809"]

1.d4 Nf6 2.c4 e6 3.Nf3 Bb4+ 4.Bd2 Bxd2+ 5.Nfxd2 d5 6.e3 O-O 7.Nc3 Nbd7 8.cxd5 exd5
9.Qf3 Nb6 10.h3 Qe7 11.Bd3 Re8 12.O-O Bd7 13.Nb3 a5 14.Rac1 Bc6 15.Rc2 Nc4
16.Rfc1 a4 17.Nc5 Nd6 18.Bf1 Nfe4 19.Nd3 f6 20.Nb4 Nc4 21.Nbxd5 Bxd5 22.Nxd5 Qd6  1-0

[Event "TCh-FIN SM 2013-14"]
[Site "Joensuu FIN"]
[Date "2013.11.03"]
[Round "6.2"]
[White "Sammalvuo,T"]
[Black "Kauppila,O"]
[Result "1/2-1/2"]
[WhiteElo "2469"]
[BlackElo "2303"]

1.d4 Nf6 2.c4 e6 3.Nf3 Bb4+ 4.Bd2 Bxd2+ 5.Qxd2 O-O 6.g3 d5 7.Bg2 Nbd7 8.O-O c6
9.Rc1 b6 10.b4 Bb7 11.Qb2 Qe7 12.Nbd2 a5 13.a3 axb4 14.axb4 Rxa1 15.Rxa1 Ra8
16.Rxa8+ Bxa8 17.Qa3 Qd8 18.Qa7 Qb8 19.Qxb8+ Nxb8  1/2-1/2

[Event "TCh-CZE Extraliga 2013-14"]
[Site "Novy Bor CZE"]
[Date "2013.11.03"]
[Round "2.8"]
[White "Cvek,R"]
[Black "Zpevak,P"]
[Result "1-0"]
[WhiteElo "2516"]
[BlackElo "2381"]

1.Nf3 Nf6 2.c4 e6 3.d4 Bb4+ 4.Bd2 Qe7 5.g3 Nc6 6.Nc3 Bxc3 7.Bxc3 Ne4 8.Qc2 Nxc3
9.Qxc3 O-O 10.Bg2 d6 11.O-O e5 12.d5 Nb8 13.c5 b6 14.cxd6 cxd6 15.Nxe5 Ba6
16.Nc6 Qxe2 17.Qa3 Bb5 18.Rfe1 Qd2 19.Rad1 Qg5 20.Qxd6 Na6 21.Re5 Qf6 22.Qxf6 gxf6
23.Re7 Nc5 24.b4 Na4 25.Nd4 Nc3 26.Rd2 Ba4 27.d6 Rac8 28.d7 Rc4 29.Bf1 Rxb4
30.Nc2 Bxc2 31.Rxc2 Nd5 32.Re8  1-0

[Event "TCh-CZE Extraliga 2013-14"]
[Site "Novy Bor CZE"]
[Date "2013.11.03"]
[Round "2.6"]
[White "Hracek,Z"]
[Black "Straka,V"]
[Result "1-0"]
[WhiteElo "2638"]
[BlackElo "2323"]

1.d4 Nf6 2.c4 e6 3.Nf3 Bb4+ 4.Bd2 Qe7 5.g3 Nc6 6.Nc3 Bxc3 7.Bxc3 Ne4 8.Rc1 O-O
9.Bg2 d6 10.d5 Nxc3 11.Rxc3 Nb8 12.dxe6 fxe6 13.O-O Nd7 14.Qd2 e5 15.Ng5 Nf6
16.c5 dxc5 17.Rfc1 c6 18.Rxc5 Bg4 19.Ne4 Nxe4 20.Bxe4 Qf7 21.f3 Bf5 22.Bxf5 Qxf5
23.Qe3 Rfe8 24.Kg2 Rad8 25.Ra5 a6 26.Rcc5 Re6 27.Rxe5 Rde8 28.Rxe6 Qxe6 29.Qxe6+ Rxe6
30.Kf2 Rd6 31.Ke1 Kf7 32.e3 Ke6 33.Ke2 Rd7 34.g4 Kd6 35.b4 Kc7 36.h4 Re7
37.a3 b6 38.Rf5 Rd7 39.h5 h6 40.f4 Kd6 41.g5 hxg5 42.Rxg5 b5 43.e4 Kc7 44.e5 Kb6
45.e6 Re7 46.f5 Kc7 47.Ke3 Kd6 48.Kd4 a5 49.Rg6 axb4 50.axb4  1-0

[Event "3rd Panama Open"]
[Site "Panama City PAN"]
[Date "2013.11.03"]
[Round "5.24"]
[White "Tortolero,Cesar"]
[Black "Marrero Lopez,Yan"]
[Result "0-1"]
[WhiteElo "1920"]
[BlackElo "2274"]

1.d4 Nf6 2.Nf3 e6 3.c4 Bb4+ 4.Bd2 Qe7 5.a3 Bxd2+ 6.Nbxd2 d5 7.e3 O-O 8.Rc1 c6
9.Qc2 Nbd7 10.Be2 e5 11.dxe5 Nxe5 12.Nxe5 Qxe5 13.Nf3 Qh5 14.Nd4 Qg5 15.Bf3 c5
16.Ne2 Bf5 17.Qb3 d4 18.O-O Ne4 19.Bxe4 Bxe4 20.f3 d3 21.Nf4 Bg6 22.Nd5 b6
23.e4 Rae8 24.f4 Qh4 25.g3 Qg4 26.f5 Bh5 27.f6 Qxe4 28.fxg7 Qd4+ 29.Rf2 Kxg7
30.Qc3 Qxc3 31.Rxc3 Re1+ 32.Kg2 Be2 33.Rxe2 Rxe2+ 34.Kf3 Rxh2 35.Rxd3 Rxb2
36.Kf4 Rf2+ 37.Ke5 Re8+ 38.Kd6 Re6+ 39.Kc7 Rc2 40.Nc3 Re1 41.Kc6 Rec1 42.Nb5 Rxc4  0-1

[Event "TCh-CZE Extraliga 2013-14"]
[Site "Turnov CZE"]
[Date "2013.11.03"]
[Round "2.6"]
[White "Vokac,M"]
[Black "Votava,J"]
[Result "1/2-1/2"]
[WhiteElo "2427"]
[BlackElo "2512"]

1.d4 Nf6 2.c4 e6 3.Nf3 Bb4+ 4.Bd2 a5 5.g3 O-O 6.Bg2 d5 7.O-O dxc4 8.Bg5 Nc6
9.Nc3 h6 10.Bxf6 Qxf6 11.Nb5 Na7 12.Nxa7 Rxa7 13.Qc2 Bd7 14.Qxc4 Rc8 15.Rfd1 Be8
16.e4 Bf8 17.Rac1 Qe7 18.d5  1/2-1/2

[Event "Arab Clubs 2013"]
[Site "Monastir TUN"]
[Date "2013.11.04"]
[Round "1.3"]
[White "Kaabi,M"]
[Black "Jarraya,Z"]
[Result "1/2-1/2"]
[WhiteElo "2325"]
[BlackElo "2152"]

1.d4 Nf6 2.Nf3 e6 3.c4 Bb4+ 4.Bd2 Qe7 5.g3 Nc6 6.Nc3 Bxc3 7.Bxc3 Ne4 8.Rc1 O-O
9.Bg2 d6 10.O-O Nxc3 11.Rxc3 e5 12.d5 Nd8 13.e4 Bg4 14.Qc2 Bxf3 15.Bxf3 b6
16.b4 Nb7 17.Be2 a5 18.a3 Qd7 19.f4 exf4 20.gxf4 axb4 21.axb4 Qa4 22.Qb2 Qa2
23.Rb1 Rfe8 24.Re3 f6  1/2-1/2

[Event "FSFMA November 2013"]
[Site "Budapest HUN"]
[Date "2013.11.05"]
[Round "3.5"]
[White "Juhasz,Bel"]
[Black "Krstulovic,Alex"]
[Result "1/2-1/2"]
[WhiteElo "2140"]
[BlackElo "2001"]

1.d4 Nf6 2.c4 e6 3.Nf3 Bb4+ 4.Bd2 c5 5.Bxb4 cxb4 6.g3 O-O 7.Bg2 d6 8.O-O Qe7
9.a3 bxa3 10.Rxa3 e5 11.Nbd2 Bf5 12.c5 dxc5 13.dxe5 Ne4 14.Nh4 Nxd2 15.Nxf5 Qg5
16.e4 Nxf1 17.f4 Qd8 18.Qg4 g6 19.Bxf1 c4 20.Bxc4 Qb6+ 21.Kh1 Qxb2 22.Ne7+ Kh8
23.Qg5 Nd7 24.Rd3 Qc1+ 25.Kg2 Qc2+ 26.Kf3 Qxc4 27.Rxd7 Qf1+ 28.Ke3 Qe1+ 29.Kf3 Qf1+
30.Ke3  1/2-1/2

[Event "TCh-CZE Vychod 2013-14"]
[Site "Czech Rep CZE"]
[Date "2013.11.10"]
[Round "2.4"]
[White "Beil,Z"]
[Black "Jasny,S"]
[Result "0-1"]
[WhiteElo "2232"]
[BlackElo "2310"]

1.d4 Nf6 2.Nf3 e6 3.c4 Bb4+ 4.Bd2 c5 5.Bxb4 cxb4 6.g3 O-O 7.Bg2 d6 8.O-O Nc6
9.a3 bxa3 10.Rxa3 e5 11.dxe5 dxe5 12.Nc3 Bg4 13.Nd5 h6 14.Re3 Re8 15.h3 Be6
16.Nxf6+ Qxf6 17.b3 Rad8 18.Qa1 Bc8 19.Rd1 e4 20.Ne1 Qxa1 21.Rxa1 Bf5 22.g4 Bg6
23.Bf1 a6 24.Ng2 Nd4 25.Rc1 f5 26.gxf5 Nxf5 27.Rec3 Bf7 28.Ne3 Nd4 29.Nc2 Nxc2
30.R1xc2 Rd1 31.Rc1 Red8 32.Rxd1 Rxd1 33.f3 exf3 34.exf3 Rd2 35.c5 a5 36.Bd3 Rb2
37.Bc2 Bd5 38.f4 Kf7 39.Kf1 Kf6 40.Ke1 Bf3 41.Rc4 Bd5 42.Rc3 Ra2 43.Kd1 Ra1+
44.Kd2 Rh1 45.Rg3 g5 46.fxg5+ hxg5 47.Kc3 Rh2 48.Bd1 Rf2 49.Kd4 Rd2+ 50.Rd3 Rxd3+
51.Kxd3 Be6 52.Bf3 Bxb3 53.Bxb7 Ke5 54.Bg2 Bd5 55.Bf1 a4 56.Kc3 a3 57.Bb5 Be6
58.Bf1 a2 59.Kb2 Kd5 60.Kxa2 Kxc5+ 61.Kb2 Kd4 62.Kc2 Ke3 63.Kd1 Kf2 64.Be2 Bxh3
65.Bh5 Bg2 66.Kd2 Bf3 67.Be8 g4 68.Bd7 g3 69.Bh3 Bg4  0-1

[Event "Chinese Teams 2013"]
[Site "Shijiazhuang CHN"]
[Date "2013.11.13"]
[Round "17.4"]
[White "Xu,Yinglun"]
[Black "Zhou Weiqi"]
[Result "1-0"]
[WhiteElo "2331"]
[BlackElo "2622"]

1.d4 Nf6 2.c4 e6 3.Nf3 Bb4+ 4.Bd2 c5 5.e3 O-O 6.Bxb4 cxb4 7.Be2 a5 8.O-O d6
9.a3 Na6 10.axb4 Nxb4 11.Na3 Bd7 12.Qb3 Qc7 13.Rfc1 Rfc8 14.Ne1 e5 15.Nd3 Nxd3
16.Qxd3 Bc6 17.Nb1 b6 18.Nc3 g6 19.Rc2 Qb7 20.Bf1 Kg7 21.Qd1 Qe7 22.Rac1 Ra7
23.Rd2 Ne4 24.Nxe4 Bxe4 25.Qb3 Rb7 26.Ra1 h5 27.Qa3 Qc7 28.f3 Bf5 29.c5 dxc5
30.Ba6 cxd4 31.exd4 Rd8 32.Bxb7 Qxb7 33.Rad1 e4 34.d5 exf3 35.Qxf3 Rd6 36.Qc3+ Kh7
37.Re1 Qd7 38.Rde2 Qb5 39.Re8 Qc5+ 40.Qxc5 bxc5 41.Rd1 a4 42.Re7 Kg7 43.Rc7 Kf6
44.Rxc5 Bd7 45.Rf1+ Ke7 46.Re1+ Kd8 47.Kf2 Rb6 48.Re2 Bg4 49.Rd2 Bd7 50.d6 Bc6
51.Re5 Bd7 52.Ra5 Rb8 53.Ra7 Rc8 54.Ke3 f6 55.Rd4 Rb8 56.Rc4 Rb3+ 57.Rc3  1-0

[Event "23rd World Seniors 2013"]
[Site "Opatija CRO"]
[Date "2013.11.15"]
[Round "4.13"]
[White "Thormann,W"]
[Black "Karason,A"]
[Result "1/2-1/2"]
[WhiteElo "2271"]
[BlackElo "2220"]

1.d4 Nf6 2.Nf3 e6 3.c4 Bb4+ 4.Bd2 Qe7 5.Nc3 d5 6.e3 O-O 7.Qc2 c6 8.Bd3 Nbd7
9.a3 Bd6 10.Rc1 h6 11.h3 dxc4 12.Bxc4 e5 13.Ne4 Nxe4 14.Qxe4 Nf6 15.Qc2 e4
16.Ng1 Be6 17.Ne2 Rae8 18.Qb3 Bxc4 19.Qxc4 Nd5 20.Nc3 Qe6 21.Nxd5 Qxd5 22.Qxd5 cxd5
23.Bb4 Bxb4+ 24.axb4 Rc8 25.Kd2 Rfd8 26.Rc3 Rxc3  1/2-1/2

[Event "TCh-AUT 2nd Mitte 2013-14"]
[Site "Gleisdorf AUT"]
[Date "2013.11.16"]
[Round "4.6"]
[White "Posch,Si"]
[Black "Rohler,S"]
[Result "0-1"]
[WhiteElo "2074"]
[BlackElo "2184"]

1.d4 Nf6 2.Nf3 e6 3.c4 Bb4+ 4.Bd2 Bxd2+ 5.Nbxd2 d5 6.e3 O-O 7.Rc1 Nbd7 8.Be2 dxc4
9.Nxc4 b6 10.O-O Bb7 11.Nfe5 c5 12.Bf3 Bxf3 13.Qxf3 Nxe5 14.dxe5 Nd5 15.Qg3 Qc7
16.Nd6 Rad8 17.Ne4 f6 18.Nxf6+ Nxf6 19.exf6 Qxg3 20.fxg3 gxf6 21.Rc2 Rd3
22.Kf2 Rfd8 23.Ke2 f5 24.h3 Kg7 25.Rf4 Rd1 26.g4 Kg6 27.gxf5+ exf5 28.Rf1 Rxf1
29.Kxf1 Rd1+ 30.Kf2 Ra1 31.a3 Rb1 32.Kg3 Kg5 33.h4+ Kf6 34.Kf3 Ke5 35.Kf2 Ke4
36.Ke2 Rg1 37.Kf2 Rb1 38.Ke2 Kd5 39.Kf2 c4 40.Kf3 b5 41.Rd2+ Ke5 42.Kf2 a5
43.Ke2 Rc1 44.Kf3 b4 45.axb4 axb4 46.Rd7 b3 47.Rb7 Rf1+ 48.Kg3 Ke4 49.h5 h6
50.Rc7 Kd3 51.Rd7+ Kxe3 52.Kh2 c3  0-1